Top 30 Oil Producing Countries-2023 - Statistics

General Stats
  • This quiz has been taken 99 times
  • The average score is 27 of 30
Answers on the Map
Answers color-coded by a green-red scale on the quiz's map according to % correct below.
 
Answer Stats
Answer % Correct
Canada
100%
Saudi Arabia
100%
United States
100%
China
99%
Brazil
98%
India
98%
Iran
98%
Mexico
98%
Russia
98%
United Arab Emirates
95%
Venezuela
95%
Iraq
94%
Norway
92%
Oman
92%
United Kingdom
92%
Egypt
91%
Indonesia
91%
Nigeria
91%
Algeria
90%
Australia
90%
Colombia
89%
Kuwait
89%
Qatar
89%
Kazakhstan
88%
Libya
88%
Argentina
83%
Malaysia
74%
Angola
70%
Ecuador
63%
Azerbaijan
59%
No matching quizzes found
Score Distribution
Percent of People with Each Score
Percentile by Number Answered
Your Score History
You have not taken this quiz